Normal view
MARC view
Entry Personal Name
001 - CONTROL NUMBER
- control field: 40610
003 - CONTROL NUMBER IDENTIFIER
- control field: dpl
005 - DATE AND TIME OF LATEST TRANSACTION
- control field: 20120202145638.0
008 - FIXED-LENGTH DATA ELEMENTS
- fixed length control field: 120202|||a|||||| | ||| d
040 ## - CATALOGING SOURCE
- Original cataloging agency: dpl
- Transcribing agency: dpl
100 ## - HEADING--PERSONAL NAME
- Personal name: काशीनाथ सिंह
670 ## - SOURCE DATA FOUND
- Source citation: Work cat.: (dpl): काशीनाथ सिंह, घर का जोगी जोगड़ा /, 2008
670 ## - SOURCE DATA FOUND
- Source citation: Work cat.: (dpl): काशीनाथ सिंह, घर का जोगी जोगड़ा /, 2008
